100 Quotes that will Change Your Life (Record no. 12425)

MARC details
000 -LEADER
fixed length control field 00382nam a22001577a 4500
003 - CONTROL NUMBER IDENTIFIER
control field OSt
008 - FIXED-LENGTH DATA ELEMENTS--GENERAL INFORMATION
fixed length control field 240410b |||||||| |||| 00| 0 eng d
020 ## - INTERNATIONAL STANDARD BOOK NUMBER
International Standard Book Number 9898888498774
082 ## - DEWEY DECIMAL CLASSIFICATION NUMBER
Classification number 808.82
Item number LIQ
100 ## - MAIN ENTRY--PERSONAL NAME
Personal name Library Mindset Pub
245 ## - TITLE STATEMENT
Title 100 Quotes that will Change Your Life
250 ## - EDITION STATEMENT
Edition statement 1st Ed
260 ## - PUBLICATION, DISTRIBUTION, ETC. (IMPRINT)
Name of publisher, distributor, etc Library Mindset Pub
Date of publication, distribution, etc 2022
300 ## - PHYSICAL DESCRIPTION
Extent 100
942 ## - ADDED ENTRY ELEMENTS (KOHA)
Source of classification or shelving scheme Dewey Decimal Classification
Koha item type Reference Books
Holdings
Withdrawn status Lost status Source of classification or shelving scheme Damaged status Not for loan Collection code Home library Current library Date acquired Source of acquisition Currency Cost, normal purchase price Bill Number Total Checkouts Full call number Acc. no. / Barcode Date last seen Actual Cost, discounted price Bill Date Koha item type Date last borrowed
    Dewey Decimal Classification     GENERAL PIET C-LIBRARY PIET C-LIBRARY 22/03/2024 Zafaa Books and Distributors In rupees 199.00 ZBD0410   808.82 LIQ 35704 10/04/2024 189.05 08/03/2024 Reference Books  
    Dewey Decimal Classification     GENERAL PIET C-LIBRARY PIET C-LIBRARY 22/03/2024 Zafaa Books and Distributors In rupees 199.00 ZBD0410 2 808.82 LIQ 35705 02/01/2025 189.05 08/03/2024 Text Books 27/12/2024

Design & Developed by: PIET Central Library
R70 Miles Stone Pattikalyana Samalkha Panipat 132102
mail ID :- [email protected], Phone No:- 0180-2569700 Ex.216